Memoria 2015-2016 (Record no. 9701)

MARC details
000 -LEADER
campo de control de longitud fija 00332nam a2200133Ia 4500
001 - NÚMERO DE CONTROL
campo de control 4576
008 - DATOS DE LONGITUD FIJA--INFORMACIÓN GENERAL
campo de control de longitud fija 241024s9999 xx 000 0 und d
082 ## - NÚMERO DE LA CLASIFICACIÓN DECIMAL DEWEY
Número de clasificación RD/333.7/F981m/2015-2016
100 ## - ENTRADA PRINCIPAL--NOMBRE DE PERSONA
Nombre de persona Fundación Sur Futuro
245 #0 - MENCIÓN DEL TÍTULO
Título Memoria 2015-2016
260 ## - PUBLICACIÓN, DISTRIBUCIÓN, ETC.
Nombre del editor, distribuidor, etc. Santo Domingo
Fecha de publicación, distribución, etc. 2016
901 ## - ELEMENTOS DE DATOS A LOCAL LDA (RLIN)
a 2/1/2017 11:28:20 a.m.

No items available.

© 2024. Todos los Derechos Reservados. Desarrollado por IDEICE